| 000 | 01331nac a22002891u 4500 | ||
|---|---|---|---|
| 999 |
_c8024 _d8024 |
||
| 003 | EG-ScBUE | ||
| 005 | 20200115135020.0 | ||
| 008 | 110720s1995 ua f 0001 p ara d | ||
| 020 | _a977014262X | ||
| 040 |
_aEG-ScBUE _bara _erda _cEG-ScBUE _dEG-ScBUE |
||
| 082 | 0 | 4 |
_a892.7134 _bق ز م _222 |
| 100 | 1 |
_aابن قزمان، محمد بن عيسى، _dت. 555 هـ.، _eمؤلف. _926348 |
|
| 245 | 1 | 0 |
_aديوان ابن قزمان القرطبي (555 هـ. / 1160 م.) : _bإصابة الأغراض في ذكر الأعراض / _cتحقيق وتصدير، فيديريكو كورينتي ؛ تقديم د. محمود علي مكي. |
| 264 | 1 |
_aالقاهرة، جمهورية مصر العربية : _bالمجلس الأعلى للثقافة، _c1995. |
|
| 300 |
_a497 صفحة ؛ _c24 سم. |
||
| 336 |
_2rdacontent _aنص _btxt |
||
| 337 |
_2rdamedia _aبدون وسيط _bn |
||
| 338 |
_2rdacarrier _aمجلد _bnc |
||
| 490 | 0 | _aالمكتبة العربية | |
| 500 | _aيشتمل على كشاف. | ||
| 650 | 7 |
_aالشعر العربي _xدواوين وقصائد. _2BUEsh _916154 |
|
| 653 |
_bARALIT _cJanuary2020 |
||
| 655 | _vReading book | ||
| 700 | 1 |
_aCorriente, F. _q(Federico), _d1940- _eمحقق. _926351 |
|
| 700 | 1 |
_aمكي، محمود علي، _eمقدم. _926352 |
|
| 942 |
_cBB _k892.7134 ق ز م _2ddc |
||